000 00591nam a22001937a 4500
999 _c16853
_d16853
003 AR-CdUCM
008 190506b ||||| |||| 00| 0 spa d
040 _aMUNICIPALIDAD PROVINCIAL DEL CUSCO
_cBIBLIOTECA MUNICIPAL DEL CUSCO
082 _a891.03 /
_bL31
100 _aLavrenef, Boris
_936554
245 _aEl séptimo camarada /
260 _aSantiago :
_bImp. Universitaria,
_c1933.
300 _a93 páginas ;
_c19 cm.
505 _aContenido: Novela
650 _aNovela
_95
700 _aCarrera Andrade, Jorge (traductor)
_936555
942 _2ddc
_cLIBROS
945 _aacv
_d2019-05-06